000 00853cam a2200241 a 4500
001 12971561
005 20241129194523.0
008 021017s2004 caua 001 0 eng
020 _a0534408788 (student ed. with InfoTrac College ed.)
020 _a053440877X (student ed. without InfoTrac College ed.)
020 _a0534408958 (instructor's ed.)
050 0 0 _aQD33.2
_b.M33 2004
082 0 0 _a540
_222
100 1 _aMasterton, William L.,
_d1927-
245 1 0 _aChemistry :
_bprinciples and reactions : a core text /
_cWilliam L. Masterton, Cecile N. Hurley.
250 _a5th ed.
260 _aBelmont, CA :
_bThomson-Brooks/Cole,
_cc2004.
300 _axxviii, 676 p. :
_bill. (some col.) ;
_c29 cm. +
_e2 CD-ROMs (4 3/4 in.)
500 _aIncludes index.
650 0 _aChemistry.
700 1 _aHurley, Cecile N.
942 _2lcc
_cBK
_e5th ed.
_n0
999 _c1794
_d1794